Сборник задач по технологии добычи нефти и газа в осложненных условиях: практикум

Bibliographische Detailangaben
1. Verfasser: Арбузов В. Н. Валерий Николаевич
Körperschaft: Национальный исследовательский Томский политехнический университет (ТПУ) Институт природных ресурсов (ИПР) Кафедра геологии и разработки нефтяных месторождений (ГРНМ)
Weitere Verfasser: Курганова Е. В. Елена Владимировна
Zusammenfassung:Заглавие с титульного экрана
Текстовый файл
AM_TPU_network
Sprache:Russisch
Veröffentlicht: Томск, Изд-во ТПУ, 2015
Schlagworte:
Online-Zugang:http://www.lib.tpu.ru/fulltext2/m/2015/m279.pdf
Format: Elektronisch Buch
KOHA link:https://koha.lib.tpu.ru/cgi-bin/koha/opac-detail.pl?biblionumber=302158

MARC

LEADER 00000nam0a2200000 4500
001 302158
005 20260403132629.0
035 |a (RuTPU)RU\TPU\book\327355 
090 |a 302158 
100 |a 20150819d2015 m y0rusy50 ca 
101 0 |a rus 
102 |a RU 
105 |a a j 001zy 
135 |a drcn ---uucaa 
181 0 |a i   |b  e  
182 0 |a b 
183 0 |a cr  |2 RDAcarrier 
200 1 |a Сборник задач по технологии добычи нефти и газа в осложненных условиях  |e практикум  |f В. Н. Арбузов, Е. В. Курганова  |g Национальный исследовательский Томский политехнический университет (ТПУ) 
203 |a Текст  |c электронный  |b визуальный 
210 |a Томск  |c Изд-во ТПУ  |d 2015 
283 |a online_resource  |2 RDAcarrier 
300 |a Заглавие с титульного экрана 
336 |a Текстовый файл 
371 0 |a AM_TPU_network 
606 1 |a Нефтедобыча  |x Осложнения  |2 stltpush  |3 (RuTPU)RU\TPU\subj\42136  |9 61867 
610 1 |a электронный ресурс 
610 1 |a учебные пособия 
610 1 |a труды учёных ТПУ 
610 1 |a практикумы 
610 1 |a учебно-научные исследования 
610 1 |a нефтегазовая геология 
610 1 |a нефтегазоизвлечение 
610 1 |a проектирование 
610 1 |a задания 
610 1 |a скважины 
610 1 |a сложные условия 
610 1 |a эксплуатация 
610 1 |a сепарация 
610 1 |a свободные газы 
610 1 |a погружное оборудование 
610 1 |a газовые скважины 
610 1 |a струйные аппараты 
675 |a 622.276(076.5)  |v 3 
700 1 |a Арбузов  |b В. Н.  |c геолог  |c доцент Томского политехнического университета, кандидат физико-математических наук  |f 1952-  |g Валерий Николаевич  |3 (RuTPU)RU\TPU\pers\26263  |9 12037 
701 1 |a Курганова  |b Е. В.  |c геолог  |c ассистент Томского политехнического университета  |f 1970-  |g Елена Владимировна  |3 (RuTPU)RU\TPU\pers\35033  |9 18320 
712 0 2 |a Национальный исследовательский Томский политехнический университет (ТПУ)  |b Институт природных ресурсов (ИПР)  |b Кафедра геологии и разработки нефтяных месторождений (ГРНМ)  |3 (RuTPU)RU\TPU\col\18657 
801 1 |a RU  |b 63413507  |c 20150819 
801 2 |a RU  |b 63413507  |c 20160615  |g RCR 
856 4 0 |u http://www.lib.tpu.ru/fulltext2/m/2015/m279.pdf  |z http://www.lib.tpu.ru/fulltext2/m/2015/m279.pdf 
942 |c CF